000 00568nam 22001933 4500
001 32535
090 _a32535
100 _a20260310d u||y0pory50 ba
101 _aeng
200 _aPrinciples of Physical Oceanography
_fGerhard Neumann
_gWillard J. Pierson, Jr.
210 _aEUA
_cPrentice- Hall
_d1966
215 _a545 p.
_d28 cm
317 _5Serviço Meteorológico Nacional
500 _aPrinciples of Physical Oceanography
606 _xOceanografia
_923714
700 _aNeumann
_bGerhard
_923715
701 _aJr.
_bWillard J. pierson
_923716
801 _gISBD
942 _n0